<?xml version="1.0" encoding="UTF-8"?>
<record
    xmlns:xsi="http://www.w3.org/2001/XMLSchema-instance"
    xsi:schemaLocation="http://www.loc.gov/MARC21/slim http://www.loc.gov/standards/marcxml/schema/MARC21slim.xsd"
    xmlns="http://www.loc.gov/MARC21/slim">

  <leader>00300nam a22001217a 4500</leader>
  <datafield tag="040" ind1=" " ind2=" ">
    <subfield code="c">SK</subfield>
  </datafield>
  <datafield tag="082" ind1=" " ind2=" ">
    <subfield code="a">581</subfield>
  </datafield>
  <datafield tag="100" ind1=" " ind2=" ">
    <subfield code="a">NGIN CHHAY; &#x1784;&#x17B9;&#x1793; &#x1786;&#x17B6;&#x1799;</subfield>
  </datafield>
  <datafield tag="245" ind1=" " ind2=" ">
    <subfield code="a">Plant anatomy; &#x179A;&#x17BB;&#x1780;&#x17D2;&#x1781;&#x1780;&#x17B6;&#x1799;&#x179C;&#x17B7;&#x1797;&#x17B6;&#x1782;&#x179C;&#x17B7;&#x1791;&#x17D2;&#x1799;&#x17B6;</subfield>
  </datafield>
  <datafield tag="260" ind1=" " ind2=" ">
    <subfield code="a">RUA</subfield>
    <subfield code="b">NGI</subfield>
    <subfield code="c">1994</subfield>
  </datafield>
  <datafield tag="300" ind1=" " ind2=" ">
    <subfield code="a">48p.</subfield>
  </datafield>
  <datafield tag="942" ind1=" " ind2=" ">
    <subfield code="c">KB</subfield>
  </datafield>
  <datafield tag="999" ind1=" " ind2=" ">
    <subfield code="c">9465</subfield>
    <subfield code="d">9465</subfield>
  </datafield>
  <datafield tag="952" ind1=" " ind2=" ">
    <subfield code="0">0</subfield>
    <subfield code="1">0</subfield>
    <subfield code="4">0</subfield>
    <subfield code="6">581_000000000000000_NGI_1994_C169</subfield>
    <subfield code="7">0</subfield>
    <subfield code="9">51434</subfield>
    <subfield code="a">LBC</subfield>
    <subfield code="b">LBC</subfield>
    <subfield code="c">C169</subfield>
    <subfield code="d">2016-09-01</subfield>
    <subfield code="l">1</subfield>
    <subfield code="o">581 NGI 1994 C169</subfield>
    <subfield code="p">RUA060878</subfield>
    <subfield code="r">2017-01-24</subfield>
    <subfield code="s">2017-01-10</subfield>
    <subfield code="y">KB</subfield>
  </datafield>
  <datafield tag="952" ind1=" " ind2=" ">
    <subfield code="0">0</subfield>
    <subfield code="1">0</subfield>
    <subfield code="4">0</subfield>
    <subfield code="6">581_000000000000000_&#x1784;&#x17B7;&#x1793;_1994_C173</subfield>
    <subfield code="7">0</subfield>
    <subfield code="9">51649</subfield>
    <subfield code="a">LBC</subfield>
    <subfield code="b">LBC</subfield>
    <subfield code="c">C173</subfield>
    <subfield code="d">2016-09-05</subfield>
    <subfield code="o">581 &#x1784;&#x17B7;&#x1793;&#x200B; 1994 C173</subfield>
    <subfield code="p">RUA046153</subfield>
    <subfield code="r">2016-09-05</subfield>
    <subfield code="y">KB</subfield>
  </datafield>
  <datafield tag="952" ind1=" " ind2=" ">
    <subfield code="0">0</subfield>
    <subfield code="1">0</subfield>
    <subfield code="4">0</subfield>
    <subfield code="6">581_000000000000000_&#x1784;&#x17B7;&#x1793;_1994</subfield>
    <subfield code="7">0</subfield>
    <subfield code="9">51651</subfield>
    <subfield code="a">LBC</subfield>
    <subfield code="b">LBC</subfield>
    <subfield code="d">2016-09-05</subfield>
    <subfield code="o">581 &#x1784;&#x17B7;&#x1793;&#x200B; 1994</subfield>
    <subfield code="p">RUA045565</subfield>
    <subfield code="r">2016-09-05</subfield>
    <subfield code="w">2016-09-05</subfield>
    <subfield code="y">KB</subfield>
  </datafield>
</record>
